000 00529nam a22001697a 4500
003 BD-DhUL
005 20170713100128.0
008 170320s1957 s ||||| |||| 00| 0 ara d
040 _aBD-DhUL
_cBD-DhUL
082 _a323
_bMUH
100 0 _aمصطفی البادودي
245 1 0 _aالحقوق الدستوریۃ :
_cمصطفی البادودي
_bجزء ۱ /
260 _aدمشق :
_bمطبعۃ الجامعۃ السوریۃ،
_c۱۹۵۷۔
300 _aجزء ۱ ؛
_c۲۴ سم۔
650 0 _aRelations
942 _2ddc
_cBK
999 _c211058
_d211058